| 000 | 00855nam a22002777a 4500 | ||
|---|---|---|---|
| 003 | CHAP | ||
| 005 | 20220329134648.0 | ||
| 008 | 971013s r 00010 d | ||
| 010 | _a23829 | ||
| 011 | _a24801 | ||
| 035 | _a28901 | ||
| 040 | _cCHAP | ||
| 090 | _aR-2137 | ||
| 100 | 0 | 0 |
_aHaan, F. A. M. De. _952074 |
| 245 | _aAspects of agricultural use of potato starch waste water | ||
| 500 | _aSobretiro de : Netherlands Journal of Agricultural Science 21:85-94, 1973 | ||
| 590 |
_aBATCH-UPD _b10 _c20130110 _lUCH01 _h2104 |
||
| 590 |
_aBATCH-UPD _b10 _c20130410 _lUCH01 _h1416 |
||
| 590 |
_aBATCH-UPD _b10 _c20130914 _lUCH01 _h1558 |
||
| 590 |
_aCONVERSION _b10 _c20130109 _lUCH01 _h1314 |
||
| 650 | 1 | 4 |
_aAguas residuales. _92583 |
| 650 | 1 | 4 |
_aPapa _xAlmidón. _985168 |
| 901 | _aBK | ||
| 942 | _cREIMP | ||
| 949 |
_aR-2137 _bBC _cR _d-66822 _eTS1 _i28901 _si |
||
| 999 |
_c23829 _d23829 |
||